[Event "Krakow op-B 25th"]
[Site "Krakow"]
[Date "2014.12.28"]
[Round "2"]
[White "Sanetra, Szymon"]
[Black "Lewtak, Dominik"]
[Result "0-1"]
[WhiteElo "1983"]
[BlackElo "2066"]
[PlyCount "50"]
[EventDate "2014.12.27"]
[EventType "swiss"]
[EventRounds "9"]
[EventCountry "POL"]
[SourceTitle "CBM 164 Extra"]
[Source "ChessBase"]
[SourceDate "2015.03.02"]
[SourceVersion "1"]
[SourceVersionDate "2015.03.02"]
[SourceQuality "1"]

1. d4 Nf6 2. c4 e6 3. Nc3 d5 4. Bg5 Be7 5. Nf3 0-0 6. e3 Nbd7 7. Qc2 h6 8. h4 c6 9. cxd5 exd5 10. Bd3 Re8 11. 0-0-0 hxg5 12. hxg5 Ne4 13. Bxe4 dxe4 14. Qxe4 Bxg5 15. Qh7+ Kf8 16. d5 Nf6 17. Qh8+ Ng8 18. Qh5 Bf6 19. g4 g6 20. Qh2 Bxc3 21. bxc3 Bxg4 22. dxc6 Qe7 23. Qf4 Bxf3 24. Rh8 Qa3+ 25. Kb1 Be4+ 0-1

[Event "POL-ch Teachers"]
[Site "Krakow"]
[Date "2012.??.??"]
[Round "7"]
[White "Kumor, Lukasz"]
[Black "Sanetra, Szymon"]
[Result "1/2-1/2"]
[WhiteElo "2106"]
[BlackElo "2010"]
[PlyCount "70"]
[EventDate "2012.??.??"]
[EventType "swiss"]
[EventRounds "9"]
[EventCountry "POL"]
[SourceTitle "EXT 2014"]
[Source "ChessBase"]
[SourceDate "2013.11.20"]
[SourceVersion "1"]
[SourceVersionDate "2013.11.20"]
[SourceQuality "1"]

1. e4 c6 2. d4 d5 3. Nc3 dxe4 4. Nxe4 Bf5 5. Ng3 Bg6 6. h4 h6 7. Nf3 Nd7 8. Bd3 Bxd3 9. Qxd3 e6 10. Bf4 Qa5+ 11. Bd2 Qc7 12. 0-0-0 Ngf6 13. Ne4 Nxe4 14. Qxe4 Nf6 15. Qe2 0-0-0 16. g3 Bd6 17. c4 c5 18. Bc3 cxd4 19. Bxd4 Bc5 20. Bxc5 Qxc5 21. Ne5 Qc7 22. Qe3 Rxd1+ 23. Rxd1 Rd8 24. Rxd8+ Kxd8 25. f4 a6 26. g4 Ke8 27. Qd4 Nd7 28. Nxd7 Qxd7 29. Qxg7 Qc6 30. Qh8+ Ke7 31. Qxh6 Qxc4+ 32. Kd2 Qd4+ 33. Kc1 Qc4+ 34. Kd1 Qd3+ 35. Kc1 Qc4+ 1/2-1/2

[Event "POL-ch Teachers"]
[Site "Krakow"]
[Date "2012.??.??"]
[Round "3"]
[White "Shilov, Sergej"]
[Black "Sanetra, Szymon"]
[Result "1-0"]
[WhiteElo "2201"]
[BlackElo "2010"]
[PlyCount "60"]
[EventDate "2012.??.??"]
[EventType "swiss"]
[EventRounds "9"]
[EventCountry "POL"]
[SourceTitle "EXT 2014"]
[Source "ChessBase"]
[SourceDate "2013.11.20"]
[SourceVersion "1"]
[SourceVersionDate "2013.11.20"]
[SourceQuality "1"]

1. c4 e6 2. e4 d5 3. exd5 exd5 4. cxd5 Qxd5 5. Nc3 Qa5 6. Bc4 Nf6 7. Qb3 Qh5 8. Nb5 Bd6 9. Qe3+ Qe5 10. Qxe5+ Bxe5 11. Nf3 Bd6 12. 0-0 0-0 13. d4 h6 14. Nxd6 cxd6 15. Bf4 d5 16. Bb3 Be6 17. Ne5 Nbd7 18. Nd3 Rfc8 19. Rac1 Nf8 20. Nc5 b6 21. Na6 Rxc1 22. Rxc1 Rc8 23. Rc7 Rxc7 24. Nxc7 N8d7 25. f3 g5 26. Bd6 h5 27. Kf2 Kg7 28. Ke3 Kg6 29. h3 g4 30. h4 gxf3 1-0

[Event "POL-ch Teachers"]
[Site "Krakow"]
[Date "2012.??.??"]
[Round "8"]
[White "Szymczak, Rafal"]
[Black "Sanetra, Szymon"]
[Result "1/2-1/2"]
[WhiteElo "2047"]
[BlackElo "2010"]
[PlyCount "64"]
[EventDate "2012.??.??"]
[EventType "swiss"]
[EventRounds "9"]
[EventCountry "POL"]
[SourceTitle "EXT 2014"]
[Source "ChessBase"]
[SourceDate "2013.11.20"]
[SourceVersion "1"]
[SourceVersionDate "2013.11.20"]
[SourceQuality "1"]

1. f4 d5 2. Nf3 g6 3. g3 Bg7 4. Bg2 Nh6 5. 0-0 0-0 6. d3 c6 7. c3 Nf5 8. e3 Nd7 9. Qe2 Qb6 10. Kh1 e5 11. e4 dxe4 12. dxe4 Nd6 13. Rd1 Qb5 14. Qc2 Ne8 15. Na3 Qc5 16. b4 Qe7 17. Nc4 exf4 18. Bxf4 Ndf6 19. Nd4 Ng4 20. e5 Be6 21. Nxe6 Qxe6 22. Na5 Qe7 23. Re1 Nxe5 24. Bxe5 Bxe5 25. Nc4 f6 26. Nxe5 fxe5 27. Qe4 Nd6 28. Qxe5 Qxe5 29. Rxe5 Rae8 30. Rxe8 Rxe8 31. Rd1 Nb5 32. c4 Nc3 1/2-1/2

[Event "Krakow Malopolski-chA"]
[Site "Krakow"]
[Date "2011.05.07"]
[Round "8"]
[White "Sanetra, Szymon"]
[Black "Goslawski, Michal"]
[Result "0-1"]
[WhiteElo "2028"]
[BlackElo "2033"]
[PlyCount "99"]
[EventDate "2011.05.01"]
[EventType "swiss"]
[EventRounds "9"]
[EventCountry "POL"]
[SourceTitle "EXT 2013"]
[Source "ChessBase"]
[SourceDate "2012.11.22"]
[SourceVersion "1"]
[SourceVersionDate "2012.11.22"]
[SourceQuality "1"]

1. d4 Nf6 2. c4 e6 3. Nc3 Bb4 4. Qc2 0-0 5. Nf3 c5 6. e3 b6 7. Bd3 Bb7 8. Bd2 Bxf3 9. gxf3 cxd4 10. exd4 Nc6 11. Be3 d5 12. cxd5 Qxd5 13. Be4 Nxe4 14. Qxe4 Rfd8 15. Qxd5 Rxd5 16. 0-0-0 Bxc3 17. bxc3 Na5 18. Rhg1 Rc8 19. Kc2 Nc4 20. Bh6 g6 21. Rg5 f5 22. h4 Ra5 23. Ra1 Nd6 24. Rg3 Nb5 25. h5 Kf7 26. hxg6+ hxg6 27. Rag1 Nxc3 28. Kd3 Nd5 29. Rxg6 Rc3+ 30. Kd2 Rxa2+ 31. Ke1 Ra1+ 32. Ke2 Rc2+ 33. Kd3 Rxg1 34. Rxg1 Rxf2 35. Rg7+ Kf6 36. Rxa7 Rxf3+ 37. Ke2 Rg3 38. Ra8 Rg6 39. Bd2 Rg3 40. Rb8 f4 41. Rf8+ Kg5 42. Bc1 Kg4 43. Re8 Kf5 44. Bd2 Rh3 45. Bc1 b5 46. Rf8+ Ke4 47. Re8 Rh2+ 48. Ke1 Rh6 49. Kd2 b4 50. Rb8 0-1

[Event "Krakow Malopolski-chA"]
[Site "Krakow"]
[Date "2011.05.05"]
[Round "5"]
[White "Watorek, Marcin"]
[Black "Sanetra, Szymon"]
[Result "1-0"]
[WhiteElo "2104"]
[BlackElo "2028"]
[PlyCount "65"]
[EventDate "2011.05.01"]
[EventType "swiss"]
[EventRounds "9"]
[EventCountry "POL"]
[SourceTitle "EXT 2013"]
[Source "ChessBase"]
[SourceDate "2012.11.22"]
[SourceVersion "1"]
[SourceVersionDate "2012.11.22"]
[SourceQuality "1"]

1. d4 d5 2. c4 e6 3. Nc3 Nf6 4. Bg5 Nbd7 5. Nf3 Be7 6. e3 0-0 7. Qc2 c5 8. 0-0-0 Qa5 9. Kb1 h6 10. h4 cxd4 11. Bxf6 Nxf6 12. exd4 Rd8 13. Ne5 Bb4 14. g4 Bxc3 15. bxc3 Ne4 16. Rd3 Bd7 17. Nxd7 Rxd7 18. g5 h5 19. g6 f5 20. Bg2 Rc8 21. f3 Nf6 22. Re1 dxc4 23. Rde3 Rd6 24. f4 Nd5 25. Bxd5 Qxd5 26. Qe2 Rb6+ 27. Ka1 Rcc6 28. Qxh5 Qg2 29. Qh7+ Kf8 30. Qh8+ Ke7 31. Qxg7+ Kd8 32. R3e2 Qg3 33. d5 1-0

[Event "Warsaw Najdorf Memorial op-A"]
[Site "Warsaw"]
[Date "2008.08.04"]
[Round "3"]
[White "Pozzo, Sebastian"]
[Black "Sanetra, Szymon"]
[Result "1/2-1/2"]
[WhiteElo "1980"]
[BlackElo "2050"]
[PlyCount "60"]
[EventDate "2008.08.02"]
[EventType "swiss"]
[EventRounds "9"]
[EventCountry "POL"]
[SourceTitle "CBM 125 Extra"]
[Source "ChessBase"]
[SourceDate "2008.09.01"]
[SourceVersion "1"]
[SourceVersionDate "2008.09.01"]
[SourceQuality "1"]

1. e4 c6 2. d4 d5 3. exd5 cxd5 4. c4 Nf6 5. Nc3 e6 6. Bg5 Be7 7. Nf3 0-0 8. Bd3 dxc4 9. Bxc4 a6 10. 0-0 b5 11. Bb3 Nc6 12. d5 Nxd5 13. Bxd5 exd5 14. Qxd5 Qxd5 15. Nxd5 Bxg5 16. Nxg5 h6 17. Nb6 Rb8 18. Nxc8 Rfxc8 19. Ne4 Ne5 20. b4 Rc4 21. Nc5 a5 22. a3 Ra8 23. Rfe1 f6 24. Rab1 axb4 25. axb4 Ra2 26. Rec1 Rxc1+ 27. Rxc1 Rb2 28. f4 Nc4 29. Na6 Kf7 30. Re1 g6 1/2-1/2

[Event "Warsaw Najdorf Memorial op-A"]
[Site "Warsaw"]
[Date "2008.08.03"]
[Round "2"]
[White "Sanetra, Szymon"]
[Black "Saeed, Ishaq"]
[Result "0-1"]
[WhiteElo "2050"]
[BlackElo "2219"]
[PlyCount "46"]
[EventDate "2008.08.02"]
[EventType "swiss"]
[EventRounds "9"]
[EventCountry "POL"]
[SourceTitle "CBM 125 Extra"]
[Source "ChessBase"]
[SourceDate "2008.09.01"]
[SourceVersion "1"]
[SourceVersionDate "2008.09.01"]
[SourceQuality "1"]

1. d4 d5 2. c4 c6 3. Nf3 Nf6 4. Nc3 e6 5. cxd5 exd5 6. Bg5 Bf5 7. e3 Nbd7 8. Bd3 Bxd3 9. Qxd3 Be7 10. 0-0 0-0 11. Rab1 Ne4 12. Bxe7 Qxe7 13. Nd2 f5 14. b4 b5 15. a4 a6 16. Ncxe4 fxe4 17. Qc2 Rf6 18. a5 Raf8 19. Rb2 Rh6 20. Nb1 Qh4 21. h3 Rg6 22. Kh1 Rf3 23. Kh2 Rxg2+ 0-1

[Event "Warsaw Najdorf Memorial op-A"]
[Site "Warsaw"]
[Date "2008.08.02"]
[Round "1"]
[White "Stoma, Pawel"]
[Black "Sanetra, Szymon"]
[Result "1-0"]
[WhiteElo "2294"]
[BlackElo "2050"]
[PlyCount "83"]
[EventDate "2008.08.02"]
[EventType "swiss"]
[EventRounds "9"]
[EventCountry "POL"]
[SourceTitle "CBM 125 Extra"]
[Source "ChessBase"]
[SourceDate "2008.09.01"]
[SourceVersion "1"]
[SourceVersionDate "2008.09.01"]
[SourceQuality "1"]

1. e4 c6 2. Nf3 d5 3. Nc3 Bg4 4. h3 Bxf3 5. Qxf3 e6 6. d3 Bb4 7. Bd2 d4 8. Nb1 Bxd2+ 9. Nxd2 e5 10. Qg3 Qf6 11. Be2 Ne7 12. Bh5 Nd7 13. Rf1 Ng6 14. Bxg6 Qxg6 15. Qh2 0-0 16. 0-0-0 c5 17. f4 f6 18. Kb1 exf4 19. Qxf4 Ne5 20. g4 Rac8 21. Nf3 Nxf3 22. Rxf3 Qe8 23. Rdf1 Qe5 24. Qd2 Qe7 25. Rf5 c4 26. dxc4 Qxe4 27. R5f4 Qe3 28. Qxd4 Qxh3 29. Qd5+ Kh8 30. b3 Rcd8 31. Qxb7 Qc3 32. Qf3 Qxf3 33. R1xf3 Rfe8 34. c5 Re5 35. Rc3 h6 36. c6 Rc8 37. c7 Re7 38. Rfc4 Kh7 39. b4 Kg6 40. b5 h5 41. gxh5+ Kxh5 42. a4 1-0

[Event "Pszczyna op 4th"]
[Site "Pszczyna"]
[Date "2008.07.18"]
[Round "7"]
[White "Galyga, Zbigniew"]
[Black "Sanetra, Szymon"]
[Result "1-0"]
[WhiteElo "2175"]
[BlackElo "2050"]
[PlyCount "85"]
[EventDate "2008.07.15"]
[EventType "swiss"]
[EventRounds "9"]
[EventCountry "POL"]
[SourceTitle "CBM 125 Extra"]
[Source "ChessBase"]
[SourceDate "2008.09.01"]
[SourceVersion "1"]
[SourceVersionDate "2008.09.01"]
[SourceQuality "1"]

1. d4 d5 2. c4 e6 3. Nf3 Nf6 4. e3 Be7 5. b3 0-0 6. Bd3 Nbd7 7. 0-0 b6 8. Bb2 Bb7 9. Qe2 c5 10. Rd1 Qc7 11. Nc3 Rac8 12. Rac1 Qb8 13. cxd5 Nxd5 14. Nxd5 exd5 15. dxc5 bxc5 16. Bf5 Rfd8 17. Qd3 h6 18. Bxd7 Rxd7 19. Qf5 Rd6 20. Be5 Rf6 21. Qxf6 gxf6 22. Bxb8 Rxb8 23. Ne1 Rc8 24. Nd3 f5 25. Nf4 Rd8 26. g3 Kg7 27. Rd2 Kf6 28. Nd3 Rc8 29. Rdc2 c4 30. bxc4 Ba3 31. Rb1 Ba6 32. Nb4 Bxb4 33. Rxb4 Bxc4 34. Rb7 a6 35. f3 Re8 36. Kf2 Re6 37. Rcb2 Bb5 38. Rc7 Re7 39. Rxe7 Kxe7 40. Rb4 Kf6 41. a4 Bc4 42. Rb6+ Kg7 43. Ke1 1-0

[Event "Rewal op 11th"]
[Site "Rewal"]
[Date "2006.08.26"]
[Round "8"]
[White "Koziej, Maciej"]
[Black "Sanetra, Szymon"]
[Result "1-0"]
[WhiteElo "2005"]
[BlackElo "2048"]
[PlyCount "61"]
[EventDate "2006.08.21"]
[EventType "swiss"]
[EventRounds "11"]
[EventCountry "POL"]
[SourceTitle "EXT 2010"]
[Source "ChessBase"]
[SourceDate "2010.11.25"]
[SourceVersion "1"]
[SourceVersionDate "2010.11.25"]
[SourceQuality "1"]

1. d4 d5 2. e3 Nf6 3. Bd3 e6 4. Nd2 Nbd7 5. f4 c5 6. c3 b6 7. Ngf3 Bb7 8. Ne5 Qc7 9. 0-0 a6 10. Qf3 b5 11. g4 h6 12. Qh3 Nxe5 13. fxe5 Ne4 14. Qg2 Nxd2 15. Bxd2 0-0-0 16. a4 c4 17. Bc2 Bc6 18. axb5 Bxb5 19. e4 g6 20. exd5 exd5 21. Ba4 Bg7 22. Qf3 Rhf8 23. Bxb5 axb5 24. Ra6 Qe7 25. Rfa1 Rd7 26. Ra8+ Kb7 27. Qxd5+ Rxd5 28. R8a7+ Kb8 29. Rxe7 g5 30. Be1 Rfd8 31. Bg3 1-0

[Event "Rewal op 11th"]
[Site "Rewal"]
[Date "2006.08.24"]
[Round "5"]
[White "Sanetra, Szymon"]
[Black "Banasik, Krzysztof"]
[Result "0-1"]
[WhiteElo "2048"]
[BlackElo "2202"]
[PlyCount "84"]
[EventDate "2006.08.21"]
[EventType "swiss"]
[EventRounds "11"]
[EventCountry "POL"]
[SourceTitle "EXT 2010"]
[Source "ChessBase"]
[SourceDate "2010.11.25"]
[SourceVersion "1"]
[SourceVersionDate "2010.11.25"]
[SourceQuality "1"]

1. d4 g6 2. c4 Bg7 3. Nc3 d6 4. e4 Nd7 5. Nf3 e6 6. Be2 Ne7 7. Be3 h6 8. Nd2 a6 9. Nb3 0-0 10. Qd2 Kh7 11. 0-0 f5 12. f3 e5 13. Rad1 f4 14. Bf2 Qe8 15. c5 dxc5 16. dxc5 Nf6 17. Bc4 Rb8 18. Qe2 g5 19. Nd5 Nexd5 20. exd5 g4 21. Qc2+ Kh8 22. Nd2 Qh5 23. Rfe1 e4 24. fxe4 g3 25. hxg3 fxg3 26. Bxg3 Bg4 27. Rc1 Nxd5 28. Nb3 Nf4 29. Re3 Rbd8 30. Bxf4 Rxf4 31. g3 Rf3 32. Rxf3 Bxf3 33. Qh2 Qg5 34. Rf1 Bxe4 35. Re1 Qg6 36. Qh4 Re8 37. Bf7 Qxf7 38. Rxe4 Rg8 39. Kg2 Rf8 40. Rf4 Qd5+ 41. Kh2 Re8 42. Qg4 a5 0-1

[Event "Rewal op 11th"]
[Site "Rewal"]
[Date "2006.08.23"]
[Round "4"]
[White "Wandzik, Wojciech"]
[Black "Sanetra, Szymon"]
[Result "0-1"]
[WhiteElo "1908"]
[BlackElo "2048"]
[PlyCount "176"]
[EventDate "2006.08.21"]
[EventType "swiss"]
[EventRounds "11"]
[EventCountry "POL"]
[SourceTitle "EXT 2010"]
[Source "ChessBase"]
[SourceDate "2010.11.25"]
[SourceVersion "1"]
[SourceVersionDate "2010.11.25"]
[SourceQuality "1"]

1. e4 c6 2. d4 d5 3. exd5 cxd5 4. c4 Nf6 5. Nc3 e6 6. Nf3 Be7 7. c5 0-0 8. Bd3 b6 9. cxb6 Qxb6 10. 0-0 Ba6 11. b3 Rc8 12. Bb2 Nbd7 13. Rc1 Bb4 14. Na4 Qb7 15. Bxa6 Qxa6 16. Ne5 Qb5 17. Qd3 Qxd3 18. Nxd3 Bd2 19. Rxc8+ Rxc8 20. Nac5 Nxc5 21. Nxc5 Ne4 22. Rd1 Bf4 23. g3 Bg5 24. f4 Be7 25. Nxe4 dxe4 26. Rc1 Rxc1+ 27. Bxc1 f5 28. Bd2 Kf8 29. Kf2 Ke8 30. Ke3 Kd7 31. Bc1 Kc6 32. a4 Bb4 33. Bb2 Kd5 34. Ba1 Be7 35. h4 Bb4 36. Ke2 g6 37. Bb2 Kc6 38. Ba1 Kb6 39. Bb2 h6 40. Ba1 Kc6 41. Bb2 Kd5 42. Ba1 Kc6 43. Bb2 Kd7 44. Ba1 Ke8 45. Bb2 Kf7 46. Ba1 Bd6 47. Bb2 g5 48. hxg5 hxg5 49. Bc1 Kg6 50. Kf2 gxf4 51. gxf4 Bb4 52. Be3 a6 53. Bc1 Kh5 54. Kg3 Bc3 55. Be3 Kg6 56. Kf2 Kf7 57. Ke2 Ke7 58. Kd1 Kd6 59. Kc2 Bb4 60. Bf2 Ke7 61. Kd1 Kf7 62. Ke2 Ke8 63. Bh4 Kd7 64. Kd1 Kc6 65. Kc2 Bd6 66. Bg5 Kd5 67. Kc3 a5 68. Kd2 Kxd4 69. Bf6+ Kd5 70. Ke3 Bc5+ 71. Ke2 Bd4 72. Bd8 Bc3 73. Bb6 Bb4 74. Bd8 e5 75. fxe5 Kxe5 76. Bb6 Kd5 77. Bc7 Kd4 78. Bb6+ Kd5 79. Bc7 Ke6 80. Ke3 Bc3 81. Ke2 Kd7 82. Bb6 Kc6 83. Bd8 f4 84. Bg5 f3+ 85. Ke3 Kd5 86. Bd8 Bd4+ 87. Kd2 e3+ 88. Ke1 Bc3+ 0-1

[Event "Lubawka op"]
[Site "Lubawka"]
[Date "2006.07.13"]
[Round "6"]
[White "Lagowski, Patryk"]
[Black "Sanetra, Szymon"]
[Result "1/2-1/2"]
[WhiteElo "2392"]
[BlackElo "2040"]
[PlyCount "84"]
[EventDate "2006.07.08"]
[EventType "swiss"]
[EventRounds "9"]
[EventCountry "POL"]
[SourceTitle "EXT 2008"]
[Source "ChessBase"]
[SourceDate "2007.11.25"]
[SourceVersion "1"]
[SourceVersionDate "2007.11.25"]
[SourceQuality "1"]

1. d4 d5 2. c4 e6 3. Nc3 Nf6 4. Nf3 Be7 5. Bf4 0-0 6. e3 c6 7. Bd3 Nbd7 8. 0-0 Nh5 9. Be5 Nxe5 10. Nxe5 g6 11. c5 Ng7 12. f4 f6 13. Nf3 b6 14. b4 Qc7 15. Qd2 Bd7 16. a3 b5 17. a4 a6 18. Ra2 Qb7 19. Rfa1 Rfb8 20. e4 Bd8 21. Nd1 Bc7 22. Nf2 Qc8 23. g3 Qf8 24. Kg2 Qd8 25. Ra3 Kh8 26. Qa2 e5 27. dxe5 fxe5 28. axb5 Be6 29. Qb2 axb5 30. Nxe5 Rxa3 31. Rxa3 Qf6 32. Ra7 Bxe5 33. fxe5 Qg5 34. Qa1 Rf8 35. Ra8 Ne8 36. Qb2 Qe3 37. Qe2 Qd4 38. Nh3 dxe4 39. Bxe4 Bd5 40. Qf3 Rxf3 41. Rxe8+ Kg7 42. Bxf3 Qd3 1/2-1/2

[Event "POL-ch U18"]
[Site "Leba"]
[Date "2006.04.01"]
[Round "10"]
[White "Pazdziora, Michal"]
[Black "Sanetra, Szymon"]
[Result "1/2-1/2"]
[WhiteElo "2078"]
[BlackElo "2071"]
[PlyCount "86"]
[EventDate "2006.03.25"]
[EventType "swiss"]
[EventRounds "11"]
[EventCountry "POL"]
[SourceTitle "CBM 111 Extra"]
[Source "ChessBase"]
[SourceDate "2006.05.09"]
[SourceVersion "1"]
[SourceVersionDate "2006.05.09"]
[SourceQuality "1"]

1. e4 c6 2. d4 d5 3. Nc3 dxe4 4. Nxe4 Bf5 5. Ng3 Bg6 6. h4 h6 7. Nf3 Nd7 8. h5 Bh7 9. Bd3 Bxd3 10. Qxd3 e6 11. Bd2 Qc7 12. 0-0-0 Ngf6 13. Ne4 0-0-0 14. g3 Nc5 15. Nxc5 Bxc5 16. c4 Bd6 17. Bc3 Qe7 18. a3 c5 19. Qe2 cxd4 20. Nxd4 a6 21. f4 Rhe8 22. Nf3 Bc7 23. Ne5 Rxd1+ 24. Rxd1 Bxe5 25. Bxe5 Rd8 26. g4 Rxd1+ 27. Qxd1 Qc5 28. Qd4 Qc6 29. Bxf6 gxf6 30. Qxf6 Qh1+ 31. Kc2 Qe4+ 32. Kc3 Qe3+ 33. Kc2 Qe4+ 34. Kb3 Qd3+ 35. Qc3 Qd1+ 36. Ka2 Qxg4 37. Qh8+ Kd7 38. Qxh6 Qe2 39. Qg5 Qxc4+ 40. Kb1 Qd3+ 41. Kc1 Qf1+ 42. Kd2 Qf2+ 43. Kc1 Qf1+ 1/2-1/2

[Event "POL-ch U18"]
[Site "Leba"]
[Date "2006.03.30"]
[Round "8"]
[White "Gumula, Daniel"]
[Black "Sanetra, Szymon"]
[Result "1-0"]
[WhiteElo "2329"]
[BlackElo "2071"]
[PlyCount "75"]
[EventDate "2006.03.25"]
[EventType "swiss"]
[EventRounds "11"]
[EventCountry "POL"]
[SourceTitle "CBM 111 Extra"]
[Source "ChessBase"]
[SourceDate "2006.05.09"]
[SourceVersion "1"]
[SourceVersionDate "2006.05.09"]
[SourceQuality "1"]

1. e4 c6 2. d4 d5 3. Nc3 dxe4 4. Nxe4 Bf5 5. Ng3 Bg6 6. h4 h6 7. Bc4 e6 8. N1e2 Nf6 9. Nf4 Bh7 10. Qe2 Bd6 11. Ngh5 Nxh5 12. Nxh5 Rg8 13. c3 Nd7 14. g4 Qc7 15. Qf3 0-0-0 16. Be3 Nb6 17. Bb3 Nd5 18. 0-0-0 Bg6 19. Rhg1 Nxe3 20. fxe3 Qa5 21. Ng3 Rgf8 22. e4 Be7 23. h5 Bh7 24. Kb1 Kb8 25. Ka1 Rc8 26. Qe2 Bf6 27. e5 Be7 28. Ne4 b5 29. Nc5 Bxc5 30. dxc5 Rfd8 31. Rd6 b4 32. cxb4 Qxb4 33. Rgd1 Kc7 34. Qf2 f6 35. exf6 Qxg4 36. Rxd8 Rxd8 37. Rxd8 Kxd8 38. f7 1-0

[Event "POL-ch U18"]
[Site "Leba"]
[Date "2006.03.28"]
[Round "5"]
[White "Sanetra, Szymon"]
[Black "Zwolakiewicz, Krzysztof"]
[Result "1/2-1/2"]
[WhiteElo "2071"]
[BlackElo "1966"]
[PlyCount "95"]
[EventDate "2006.03.25"]
[EventType "swiss"]
[EventRounds "11"]
[EventCountry "POL"]
[SourceTitle "CBM 111 Extra"]
[Source "ChessBase"]
[SourceDate "2006.05.09"]
[SourceVersion "1"]
[SourceVersionDate "2006.05.09"]
[SourceQuality "1"]

1. d4 d5 2. c4 c6 3. Nf3 Nf6 4. Nc3 e6 5. Qb3 Nbd7 6. Bg5 Bd6 7. e3 0-0 8. Rd1 Qe7 9. Be2 h6 10. Bh4 dxc4 11. Qxc4 e5 12. Bg3 e4 13. Bxd6 Qxd6 14. Nd2 Re8 15. Qb3 Nb6 16. Nc4 Nxc4 17. Bxc4 Be6 18. Bxe6 Rxe6 19. d5 cxd5 20. Nxd5 Nxd5 21. Rxd5 Qa6 22. f3 Rb6 23. Qa3 Qxa3 24. bxa3 exf3 25. gxf3 Rc8 26. 0-0 Rc3 27. Ra5 a6 28. e4 Rg6+ 29. Kf2 b5 30. Re1 Rc2+ 31. Re2 Rxe2+ 32. Kxe2 Rg2+ 33. Ke3 Rxa2 34. e5 b4 35. axb4 Rxh2 36. Rxa6 Rb2 37. Ra8+ Kh7 38. Rb8 h5 39. Kf4 h4 40. Kg4 g5 41. Rb7 Kg6 42. Rb6+ Kg7 43. Rf6 Re2 44. Rf5 Rg2+ 45. Kh3 Rg3+ 46. Kh2 Kg6 47. Rf6+ Kg7 48. Rf5 1/2-1/2

[Event "POL-ch U16"]
[Site "Leba"]
[Date "2004.03.27"]
[Round "1"]
[White "Sanetra, Szymon"]
[Black "Lapinski, Krzysztof"]
[Result "0-1"]
[WhiteElo "1918"]
[BlackElo "2144"]
[PlyCount "80"]
[EventDate "2004.03.27"]
[EventType "swiss"]
[EventRounds "11"]
[EventCountry "POL"]
[SourceTitle "EXT 2005"]
[Source "ChessBase"]
[SourceDate "2004.11.15"]
[SourceVersion "1"]
[SourceVersionDate "2004.11.15"]
[SourceQuality "1"]

1. d4 Nf6 2. Nf3 g6 3. c4 Bg7 4. Nc3 d5 5. Qb3 dxc4 6. Qxc4 0-0 7. Bf4 c6 8. e4 h6 9. Be2 Be6 10. Qd3 Nbd7 11. h3 Nb6 12. b3 Nh5 13. Bh2 f5 14. Ne5 fxe4 15. Qxe4 Bf5 16. Qe3 Nf6 17. g4 Nfd5 18. Nxd5 Nxd5 19. Qd2 Be6 20. Nxg6 Rf6 21. Bd3 Bf7 22. Ne5 c5 23. g5 hxg5 24. Qxg5 Qa5+ 25. Kf1 Qc3 26. Rd1 Qb2 27. Rd2 Qc1+ 28. Kg2 Rxf2+ 29. Kxf2 Qxh1 30. Bg3 Be6 31. Nf3 Rf8 32. Be4 Nc3 33. Bxb7 Qxf3+ 34. Bxf3 Ne4+ 35. Kg2 Nxg5 36. Bg4 Bxg4 37. hxg4 Ne4 38. Re2 Nxg3 39. Kxg3 cxd4 40. Rxe7 Rd8 0-1